000 00424aam a2200169 4500
005 20180319183106.0
008 150724b xxu||||| |||| 00| 0 spa d
041 _aeng
082 _a428 I61i
245 _aInteractions 1 integrated skills editon: instructor's manual
260 _aEstados Unidos
260 _bMcGraw-Hill
260 _c2003
300 _a170 páginas
650 _aINGLÉS ENSEÑANZA
_91244
942 _cBK
999 _c362
_d362